| 000 | 00655nam a2200217Ia 4500 | ||
|---|---|---|---|
| 005 | 20260429111851.0 | ||
| 008 | 260429s9999||||xx |||||||||||||| ||und|| | ||
| 020 | _a9780443138010 | ||
| 041 | _aEnglish | ||
| 082 |
_a551.9 _bVIV |
||
| 100 | _aVivo, Benedetto De | ||
| 245 | 0 |
_aEnvironmental geochemistry : _bsite characterization, data analysis, case histories, and associated health issues / _cBenedetto De Vivo |
|
| 250 | _a3rd ed. | ||
| 260 |
_aNetherlands : _bElsevier, _c2024. |
||
| 300 | _axxxvii, 787 p.; pbk | ||
| 650 | _a Geochemistry | ||
| 650 | _aGeology | ||
| 700 | _a Belkin, Harvey E. | ||
| 700 | _a Lima, Annamaria | ||
| 942 | _cTB | ||
| 999 |
_c51202 _d51202 |
||